header

Historical dictionary of the Democratic Republic of the Congo (Record no. 235628)

MARC details
000 -LEADER
fixed length control field 01619nam a2200397Ia 4500
100 1# - MAIN ENTRY--AUTHOR NAME
Personal name Kisangani, Emizet F.
245 10 - TITLE STATEMENT
Title Historical dictionary of the Democratic Republic of the Congo
250 ## - EDITION STATEMENT
Edition statement 3rd ed.
260 ## - PUBLICATION, DISTRIBUTION, ETC. (IMPRINT)
Place of publication Lanham, Md. :
Name of publisher Scarecrow Press,
Year of publication 2010.
300 ## - PHYSICAL DESCRIPTION
Number of Pages xcii, 624 p. :
Other physical details maps.
490 1# - SERIES STATEMENT
Series statement Historical dictionaries of Africa ;
500 ## - GENERAL NOTE
General note Previous ed. written by F. Scott Bobb.
650 #0 - SUBJECT ADDED ENTRY--TOPICAL TERM
Topical Term History
700 1# - ADDED ENTRY--PERSONAL NAME
Personal name Bobb, F. Scott,
Personal name Bobb, F. Scott,
856 40 - ELECTRONIC LOCATION AND ACCESS
Uniform Resource Identifier http://site.ebrary.com/lib/rucke/Doc?id=10434977

No items available.

© 2026 Rongo University
Contact us: librarian | system librarian | Rongo university